The Negotiable Instruments Act, 1881 (XXVI OF 1881) / (Record no. 540974)
[ view plain ]
| 000 -LEADER | |
|---|---|
| fixed length control field | 00396nam a22001217a 4500 |
| 082 ## - DEWEY DECIMAL CLASSIFICATION NUMBER | |
| Classification number | 345.4910696 |
| 100 ## - MAIN ENTRY--PERSONAL NAME | |
| Personal name | Sheikh, Hafiza Anila Anjum |
| 245 ## - TITLE STATEMENT | |
| Title | The Negotiable Instruments Act, 1881 (XXVI OF 1881) / |
| Statement of responsibility, etc. | Hafiza Anila Anjum Sheikh |
| 260 ## - PUBLICATION, DISTRIBUTION, ETC. | |
| Place of publication, distribution, etc. | Lahore : |
| Name of publisher, distributor, etc. | Irfan Law Book House, |
| Date of publication, distribution, etc. | 2018. |
| 300 ## - PHYSICAL DESCRIPTION | |
| Extent | 228 p. ; |
| Dimensions | 24cm. |
| 942 ## - ADDED ENTRY ELEMENTS (KOHA) | |
| Source of classification or shelving scheme | |
| Koha item type | Book |
| Withdrawn status | Lost status | Source of classification or shelving scheme | Materials specified (bound volume or other part) | Damaged status | Not for loan | Permanent Location | Current Location | Shelving location | Date acquired | Source of acquisition | Full call number | Barcode | Date last seen | Price effective from | Koha item type | Public note |
|---|---|---|---|---|---|---|---|---|---|---|---|---|---|---|---|---|
| CSS Corner Book | NUST Law School (NLS) | NUST Law School (NLS) | Central Superior Services | 11/13/2020 | Golden Books | 345.4910696 SHE | CL-461 | 11/13/2020 | 11/13/2020 | CSS Corner | CSS Corner Book |
